000 00373nam a22001337a 4500
999 _c2238
_d2238
008 200218b ||||| |||| 00| 0 eng d
020 _a8173713642
100 _91375
_aBolton, W.
245 1 0 _aIndustrial control and instrumentation/
_cby W. Bolton
260 _aHyderabad
_bUniversity Press
_c2005
300 _ax,203p.
650 0 _aEngineering Instrumentation
942 _cBK